MARC

LEADER 00000nam0a2200000 4500
001 19936
005 20231101205323.0
010 |a 5856910079 
035 |a (RuTPU)RU\TPU\book\20108 
035 |a BOOK00004797 
090 |a 19936 
100 |a 20011209d1994 km y0rusy50 ca 
101 1 |a rus  |c ger 
102 |a RU 
105 |a y z 000zb 
200 1 |a Ницше и христианство  |e пер. с нем.  |f К. Ясперс 
210 |a Москва  |c Медиум  |d 1994 
215 |a 114 с. 
600 1 |a Ницше  |g Фридрих  |f 1844 - 1900  |c немецкий философ  |b Ф.  |2 stltpui  |3 (RuTPU)RU\TPU\pers\341 
606 1 |a Немецкая философия  |z 20 век  |2 stltpush  |3 (RuTPU)RU\TPU\subj\73672  |9 86538 
610 1 |a философия 
610 1 |a история 
610 1 |a 19 век 
610 1 |a 20 век 
610 1 |a религиозная философия 
610 1 |a христианство 
686 |a Ю3(4Г)6  |v LBC/SL-A  |2 rubbk 
700 1 |a Ясперс  |b К.  |c немецкий философ  |c психиатр  |c представитель религиозного экзистенциализма  |f 1883-1969  |g Карл  |2 stltpush  |3 (RuTPU)RU\TPU\pers\545  |9 256 
801 0 |a RU  |b 63413507  |c 20011209  |g PSBO 
801 2 |a RU  |b 63413507  |c 20141201  |g PSBO 
942 |c BK